000
00253nam a2200097Ia 4500
001
640748
005
20250826153453.0
008
250824s9999 xx 000 0 und d
245
0
_a
DELİRECEĞİM DE VAKİT BULAMIYORUM
_c
MİNE SOTA
260
_b
GENÇ TİMAŞ
999
_c
640748
_d
640748